000 00678nam a22002057a 4500
999 _c12928
_d12928
003 AR-CdUCM
008 190410b ||||| |||| 00| 0 spa d
040 _aMUNICIPALIDAD PROVINCIAL DEL CUSCO
_cBIBLIOTECA MUNICIPAL DEL CUSCO
082 _aES / 373.800 /
_bB36
100 _aBeingolea, Manuel
_931062
245 _aBajo las Lilas :
_bCuentos Pretéritos /
260 _aLima :
_bEdiciones de la Biblioteca Universitaria ;
_c1967.
300 _a106 páginas ;
_c17cm
440 _aColección Clásicos Peruanos
_931063
505 _aContenido: Cuentos
650 _aLiteratura peruana
_97175
650 _aCuentos
_9312
942 _2ddc
_cLIBROS
945 _anom
_d2019-04-10